Wszystkie kraje Europy z dostępem do morza - Statystyki

Ogólne statystyki
  • Ten quiz został rozwiązany 124 razy
  • Średni wynik to 27 z 31
Statystyki odpowiedzi
Hint Odpowiedź % Poprawnych
22. Polska
99%
30. Włochy
98%
10. Francja
97%
12. Hiszpania
97%
20. Niemcy
96%
23. Portugalia
96%
24. Rosja
96%
27. Szwecja
96%
30. Wielka Brytania
96%
11. Grecja
95%
17. Łotwa
95%
21. Norwegia
95%
1. Albania
93%
7. Dania
93%
9. Finlandia
93%
16. Litwa
93%
5. Chorwacja
92%
8. Estonia
92%
14. Irlandia
88%
13. Holandia
87%
2. Belgia
85%
29. Ukraina
84%
4. Bułgaria
83%
28. Turcja
83%
15. Islandia
81%
3. Bośnia i Hercegowina
78%
25. Rumunia
75%
6. Czarnogóra
73%
19. Monako
72%
26. Słowenia
70%
18. Malta
67%
Nie znaleziono quizów pasujących do podanych kryteriów
Rozkład punktacji
Procent ludzi z każdym wynikiem
Percentyl według liczby udzielonych odpowiedzi
Twoja historia wyników
Nie rozwiązałeś tego quizu